| 000 | 00387cam a2200157ua 4500 | ||
|---|---|---|---|
| 041 |
_ahin _h |
||
| 082 |
_a891.54 _bDEE/HI |
||
| 100 | _aDheerendra, Varma . | ||
| 245 |
_aHindi bhash ka itihas / _cDeeredra Varma. _hTextual Documents |
||
| 250 |
_a6 / _b. |
||
| 260 |
_aPrayag : _bHindustani Academy , _c1961. |
||
| 300 | _a344 ; . | ||
| 504 | _a | ||
| 942 | _cBK | ||
| 999 |
_c8246 _d8246 |
||